Budapest statisztikai zsebkönyve 1990

Gespeichert in:
Bibliographische Detailangaben
Format: Buch
Sprache:Ungarisch
Veröffentlicht: Budapest Központi Statisztikai Hivatal 1991
Ausgabe:1. kiadás.
Tags: Tag hinzufügen
Keine Tags, Fügen Sie das erste Tag hinzu!

MARC

LEADER 00000nam a2200000 4500
001 c023118
005 20251202141129.0
041 0 |a hun 
044 |a HU 
245 1 0 |a Budapest statisztikai zsebkönyve 1990 
250 |a 1. kiadás. 
264 1 |a Budapest  |b Központi Statisztikai Hivatal  |c 1991 
300 |a 221 s.